| 000 | 00864nam a22002297a 4500 | ||
|---|---|---|---|
| 999 |
_c13607 _d13607 |
||
| 003 | AR-CdUCM | ||
| 008 | 190415b ||||| |||| 00| 0 spa d | ||
| 040 |
_aMUNICIPALIDAD PROVINCIAL DEL CUSCO _cBIBLIOTECA MUNICIPAL DEL CUSCO |
||
| 082 |
_a291.211 / _bB4 |
||
| 100 |
_aBesson, Maurice, 1885- _932075 |
||
| 245 | _aTotemismo / | ||
| 260 |
_aBarcelona : _bEdit. Labor, _c1931. |
||
| 300 |
_aLX 114 paginas ; _bIlustraciones, _c19 cm. |
||
| 440 |
_aCiencias filosoficas _nN° 26 _932076 |
||
| 505 | _aContenido : ¿Que es el Totemismo? -- El totemismo en las poblaciones indígenas de Australia -- El totemismo de los indios de América -- El totemismo en Madagascar... | ||
| 650 |
_aTotemismo _917158 |
||
| 650 |
_aAfrica del norte _932077 |
||
| 650 |
_aAmerica _91348 |
||
| 700 |
_aGallardo, Joaquin _932078 |
||
| 942 |
_2ddc _cLIBROS |
||
| 945 |
_awnts _d2019-04-15 |
||